|
|
|
|
| LEADER |
00000nam0a2200000 4500 |
| 001 |
245452 |
| 005 |
20231101232128.0 |
| 010 |
|
|
|a 5754502001
|b 10000 экз.
|
| 035 |
|
|
|a (RuTPU)RU\TPU\book\266861
|
| 090 |
|
|
|a 245452
|
| 100 |
|
|
|a 20131111d1989 m y0rusy50 ca
|
| 101 |
0 |
|
|a rus
|
| 102 |
|
|
|a RU
|
| 105 |
|
|
|a c z 001gy
|
| 200 |
1 |
|
|a Стихотворения
|f Г. Р. Державин
|g сост. и примеч. В. А. Приходько ; худож. С. Л. Чиненов
|
| 210 |
|
|
|a Петрозаводск
|c Карелия
|d 1989
|
| 215 |
|
|
|a 334 с.
|c портр.
|d 10,5 см.
|
| 300 |
|
|
|a В суперобложке.
|
| 320 |
|
|
|a Примечания: с. 292-329.
|
| 610 |
1 |
|
|a русская литература
|
| 610 |
1 |
|
|a поэзия
|
| 610 |
1 |
|
|a 18 век
|
| 610 |
1 |
|
|a 19 век
|
| 610 |
1 |
|
|a миниатюрные издания
|
| 686 |
|
|
|a Ч611.68
|v LBC/SL-A
|2 rubbk
|
| 700 |
|
1 |
|a Державин
|b Г. Р.
|c русский поэт
|c представитель русского класссицизма
|f 1743-1816
|g Гаврила Романович
|2 stltpush
|3 (RuTPU)RU\TPU\pers\1475
|9 645
|
| 702 |
|
1 |
|a Приходько
|b В. А.
|4 220
|4 080
|
| 702 |
|
1 |
|a Чиненов
|b С. Л.
|4 440
|
| 801 |
|
1 |
|a RU
|b 63413507
|c 20131111
|
| 801 |
|
2 |
|a RU
|b 63413507
|c 20131111
|g RCR
|
| 942 |
|
|
|c BK
|